00889nam a2200217 a 450000100060000000300080000600500170001400800410003103500190007204000350009104100080012608200260013410000340016024501630019426000790035730000390043650200850047550400360056065000390059670000360063584067BD-RjUL20241003095125.0241003s2007 bg a|||| m||| 00| 0 eng d a(BD-RjUL)84067 aBD-RjULbengcBD-RjULdBD-RjUL aeng 223a954.922bMAD 2007 aMajlish, Md. Asaduzzaman Khan10aDevelopment Trends in British Bengal :bA Socio-Economic Study of Dhaka District 182-1921 /cBy Md. Asaduzzaman Khan Majlish ;6Supervisor : Priti Kumar Mitra aRajshahi :bInstitute of Bangladesh Studies, University of Rajshahi,c2007 axxii, 472 Leaves :bill, ;c29 cm. aThesis (Ph. D.) -- Institute of Bangladesh Studies, University of Rajshahi, 2007 aBibliography : Leaves [458]-472 aHistoryvDevelopment x182-1921z  aMitra, Priti Kumar, Supervisor